[Event "Hull 4NCL International"]
[Site "Hull"]
[Date "2021.10.22"]
[Round "1.6"]
[White "Zigmond, Andrew"]
[Black "Buckell, David J"]
[Result "1-0"]
[WhiteElo "1675"]
[BlackElo "1616"]
[PlyCount "115"]
[EventDate "2021.10.22"]

1. e4 d6 2. d4 Nf6 3. Nc3 g6 4. f3 c6 5. Be3 Nbd7 6. Bc4 Bg7 7. Nge2 O-O 8. Qd2
b5 9. Bb3 a5 10. a4 b4 11. Nd1 Bb7 12. Nf2 e5 13. O-O-O Qc7 14. g4 Rfd8 15. Bh6
c5 16. Bxg7 Kxg7 17. g5 Ng8 18. dxc5 Nxc5 19. Kb1 Nxb3 20. cxb3 Qe7 21. h4 Qe6
22. Qe3 d5 23. h5 d4 24. Qd3 Ba6 25. Qd2 Qxb3 26. hxg6 hxg6 27. Ng4 Qxf3 28.
Nxe5 Qxe4+ 29. Nd3 Rac8 30. Rhe1 Bxd3+ 31. Qxd3 Qxd3+ 32. Rxd3 Rc5 33. Nxd4
Rxg5 34. Ne6+ fxe6 35. Rxd8 b3 36. Rd3 Kf6 37. Rxb3 Ne7 38. Rb5 Nd5 39. Rc1 Rf5
40. Ka1 g5 41. Rxa5 g4 42. Rg1 Rf4 43. Ra8 Ne3 44. Rf8+ Kg5 45. Rxf4 Kxf4 46.
a5 Nc2+ 47. Kb1 Nb4 48. Kc1 g3 49. Kd2 Kf3 50. Kc3 Na6 51. b4 Kf2 52. Rxg3 Kxg3
53. b5 Nc7 54. b6 Na6 55. Kc4 e5 56. Kb5 e4 57. Kxa6 e3 58. b7 1-0

[Event "Hull 4NCL International"]
[Site "Hull"]
[Date "2021.10.22"]
[Round "1.7"]
[White "Scorer, David M"]
[Black "Carroll, Michael"]
[Result "0-1"]
[WhiteElo "1400"]
[BlackElo "1668"]
[PlyCount "52"]
[EventDate "2021.10.22"]

1. d4 Nf6 2. Nf3 g6 3. Bf4 Bg7 4. c3 O-O 5. Nbd2 d6 6. e4 Nbd7 7. Be2 c5 8. O-O
Qb6 9. Nc4 Qc7 10. e5 Ne8 11. exd6 exd6 12. dxc5 Qxc5 13. Nxd6 Ne5 14. Nxc8
Rxc8 15. Nxe5 Bxe5 16. Bxe5 Qxe5 17. Re1 Qc7 18. Qb3 Nd6 19. Bf3 b5 20. Rad1 a6
21. g3 Rb8 22. Rd3 Nc4 23. Bg2 Rbd8 24. Red1 Rxd3 25. Rxd3 Re8 26. Rd1 Re2 0-1

[Event "Hull 4NCL International"]
[Site "Hull"]
[Date "2021.10.22"]
[Round "1.8"]
[White "Fowler, David J"]
[Black "Dakwa, Rufaro"]
[Result "1-0"]
[WhiteElo "1668"]
[BlackElo "1393"]
[PlyCount "101"]
[EventDate "2021.10.22"]

1. e4 e5 2. f4 exf4 3. Nf3 Nf6 4. Nc3 Bb4 5. e5 Bxc3 6. dxc3 Ng4 7. Bxf4 O-O 8.
Bc4 Nc6 9. O-O h6 10. Qd2 Na5 11. Be2 Re8 12. h3 Nxe5 13. Bxe5 Nc6 14. Bg3 d6
15. Rae1 Ne5 16. Nxe5 dxe5 17. Qxd8 Rxd8 18. Bxe5 Be6 19. Bxc7 Rd2 20. Bd3 Bd5
21. Rf2 Rxf2 22. Kxf2 f6 23. Be4 Bxe4 24. Rxe4 Kf7 25. c4 Rc8 26. Bd6 Kg6 27.
c5 b6 28. b4 Kf5 29. Re7 bxc5 30. bxc5 g5 31. Rxa7 Ke6 32. Ke3 Kd5 33. Kd3 h5
34. c4+ Kc6 35. Rc7+ Rxc7 36. Bxc7 Kxc7 37. Ke4 f5+ 38. Kxf5 g4 39. hxg4 hxg4
40. Kxg4 Kc6 41. Kf5 Kxc5 42. g4 Kxc4 43. g5 Kb4 44. g6 Ka3 45. g7 Kxa2 46.
g8=Q+ Ka3 47. Qb8 Ka4 48. Ke5 Ka3 49. Kd4 Ka4 50. Kc4 Ka3 51. Qb3# 1-0

[Event "Hull 4NCL International"]
[Site "Hull"]
[Date "2021.10.22"]
[Round "1.9"]
[White "Meredith, Daniel"]
[Black "Graham, Donald M"]
[Result "1/2-1/2"]
[WhiteElo "1368"]
[BlackElo "1668"]
[PlyCount "56"]
[EventDate "2021.10.22"]

1. e4 e6 2. d4 d5 3. e5 c5 4. c3 Nc6 5. Nf3 Qb6 6. Be2 cxd4 7. cxd4 f6 8. O-O
fxe5 9. Nxe5 Qxd4 10. Nxc6 Qxd1 11. Rxd1 bxc6 12. Bf4 Nf6 13. Nd2 Be7 14. Nf3
O-O 15. Rac1 Nd7 16. Be3 c5 17. b3 a5 18. Bb5 d4 19. Bc4 Nb6 20. Bg5 Bxg5 21.
Nxg5 Nxc4 22. Rxc4 Rf5 23. Ne4 Ra6 24. Rxc5 Rxc5 25. Nxc5 Rc6 26. Na4 Ba6 27.
f4 d3 28. Nb2 Rc2 1/2-1/2

[Event "Hull 4NCL International"]
[Site "Hull"]
[Date "2021.10.22"]
[Round "1.10"]
[White "Jiping, Li"]
[Black "Hollyman, Mike"]
[Result "1/2-1/2"]
[WhiteElo "1658"]
[BlackElo "1289"]
[PlyCount "53"]
[EventDate "2021.10.22"]

1. Nf3 Nf6 2. g3 d5 3. Bg2 Bf5 4. O-O Qd7 5. Re1 c5 6. d4 Nc6 7. c4 Rd8 8. Ne5
Qd6 9. Bf4 Qe6 10. cxd5 Nxd5 11. Bxd5 Qxd5 12. e4 Bxe4 13. Nc3 Qxd4 14. Nb5
Nxe5 15. Nxd4 Rxd4 16. Rxe4 Rxd1+ 17. Rxd1 Nc6 18. a3 e6 19. Bd6 Bxd6 20. Rxd6
Nd4 21. b4 b6 22. bxc5 Nb5 23. Rd3 O-O 24. c6 Rc8 25. a4 Nc7 26. Rd7 h6 27.
Red4 1/2-1/2

[Event "Hull 4NCL International"]
[Site "Hull"]
[Date "2021.10.22"]
[Round "1.11"]
[White "Verma, Anand"]
[Black "Burgoyne, Peter A"]
[Result "1/2-1/2"]
[WhiteElo "1164"]
[BlackElo "1653"]
[PlyCount "53"]
[EventDate "2021.10.22"]

1. d4 Nf6 2. Bf4 b6 3. Nf3 Bb7 4. e3 e6 5. Nbd2 Be7 6. h3 d6 7. Bd3 d5 8. Qe2
Nbd7 9. Rd1 O-O 10. O-O c5 11. c3 Rc8 12. Rc1 Ne4 13. Bb1 Ndf6 14. Ne5 Nxd2 15.
Qxd2 Ne4 16. Qd3 f5 17. f3 Nf6 18. a3 Qe8 19. Ba2 c4 20. Qe2 Nd7 21. Qf2 Nxe5
22. Bxe5 Bf6 23. Qg3 Bxe5 24. Qxe5 Qd7 25. Kf2 Qf7 26. Bb1 Rce8 27. Ke2 1/2-1/2

[Event "Hull 4NCL International"]
[Site "Hull"]
[Date "2021.10.22"]
[Round "1.12"]
[White "Greenaway, Terence V"]
[Black "Pal, Rhea"]
[Result "1-0"]
[WhiteElo "1653"]
[BlackElo "1083"]
[PlyCount "95"]
[EventDate "2021.10.22"]

1. c4 c5 2. Nc3 d6 3. e4 Nf6 4. Be2 g6 5. Rb1 Bg7 6. b3 Be6 7. Bb2 Nc6 8. Nd5
Nd4 9. Nxf6+ Bxf6 10. Bxd4 Bxd4 11. Nf3 Bg7 12. O-O O-O 13. d4 Qb6 14. d5 Bd7
15. Qd2 e6 16. Rfe1 exd5 17. exd5 Rfe8 18. h3 Re7 19. Bd3 Rae8 20. Rxe7 Rxe7
21. Re1 Re8 22. Rxe8+ Bxe8 23. Qe2 Qd8 24. Qd2 Qe7 25. Qg5 Qxg5 26. Nxg5 Bf6
27. Ne4 Bd4 28. Nxd6 Bd7 29. Nxb7 Kf8 30. Nd6 Ke7 31. Nb5 a6 32. Nxd4 cxd4 33.
b4 Kd6 34. f4 f5 35. Kf2 h6 36. h4 h5 37. Bc2 Be8 38. Ke2 Kc7 39. Kd3 Kd6 40.
Kxd4 Kd7 41. Ba4+ Ke7 42. Bxe8 Kxe8 43. Ke5 Ke7 44. c5 Kd7 45. d6 Kd8 46. Ke6
Kc8 47. Ke7 Kb8 48. d7 1-0

[Event "Hull 4NCL International"]
[Site "Hull"]
[Date "2021.10.22"]
[Round "1.13"]
[White "Boozorginia, Zoya"]
[Black "Milson, Neil"]
[Result "0-1"]
[WhiteElo "1081"]
[BlackElo "1630"]
[PlyCount "92"]
[EventDate "2021.10.22"]

1. Nf3 d5 2. d4 Nc6 3. g3 Nf6 4. Bg2 e6 5. a3 Be7 6. Nc3 O-O 7. Bg5 Nd7 8. Bxe7
Nxe7 9. O-O Ng6 10. Nd2 f5 11. e3 Nf6 12. h4 h5 13. Nf3 c6 14. Ne5 Nxe5 15.
dxe5 Ng4 16. f4 g6 17. Qd4 b6 18. b4 Ba6 19. Rfe1 Rc8 20. Bf1 c5 21. bxc5 Bxf1
22. Rxf1 Rxc5 23. Ra2 Qc8 24. Nd1 Rxc2 25. Rxc2 Qxc2 26. Nf2 Nxf2 27. Rxf2 Qc1+
28. Kg2 Qxa3 29. Rc2 Kg7 30. Rc7+ Rf7 31. Rc6 Re7 32. e4 fxe4 33. Rc3 Qb2+ 34.
Kf1 Qb5+ 35. Kf2 a5 36. Ra3 Rc7 37. Qe3 Qb2+ 38. Qe2 Rc2 39. Re3 Rxe2+ 40. Rxe2
Qd4+ 41. Kg2 Qd3 42. Kf1 d4 43. Kf2 Qf3+ 44. Ke1 e3 45. Rb2 d3 46. f5 Qh1# 0-1

[Event "Hull 4NCL International"]
[Site "Hull"]
[Date "2021.10.22"]
[Round "1.14"]
[White "Whittington, Reece W"]
[Black "Kluckova, Alzbeta"]
[Result "1-0"]
[WhiteElo "1628"]
[BlackElo "1057"]
[PlyCount "57"]
[EventDate "2021.10.22"]

1. d4 d5 2. c4 Nf6 3. Nc3 e6 4. Bg5 Be7 5. e3 O-O 6. Nf3 Nc6 7. a3 Ne4 8. Bxe7
Nxc3 9. bxc3 Qxe7 10. cxd5 exd5 11. Bd3 Na5 12. Qc2 f5 13. Qa4 b6 14. Ne5 Be6
15. Bb5 Qg5 16. g3 a6 17. Bd3 Qh5 18. Be2 Qe8 19. Qxe8 Rfxe8 20. O-O Nb3 21.
Ra2 a5 22. Bb5 Rf8 23. Ba4 Nc5 24. dxc5 d4 25. Rc2 bxc5 26. cxd4 cxd4 27. exd4
f4 28. Bd7 Bh3 29. Bxh3 1-0

[Event "Hull 4NCL International"]
[Site "Hull"]
[Date "2021.10.23"]
[Round "2.1"]
[White "Dunn, Giles"]
[Black "Whittington, Reece W"]
[Result "0-1"]
[WhiteElo "1698"]
[BlackElo "1628"]
[PlyCount "106"]
[EventDate "2021.10.22"]

1. d4 g6 2. c4 Bg7 3. Nc3 d6 4. Nf3 Nf6 5. Bf4 O-O 6. e3 c5 7. Bd3 Qb6 8. Qd2
Nc6 9. d5 Nb4 10. Bb1 e6 11. a3 Nbxd5 12. cxd5 Nxd5 13. Nxd5 exd5 14. Ra2 h6
15. b4 Be6 16. Rc2 c4 17. O-O a5 18. Nd4 g5 19. Bg3 axb4 20. Rb2 b3 21. h4 Rfc8
22. Qe2 Bxd4 23. exd4 c3 24. Rxb3 Qxb3 25. Bc2 Qb2 26. Qd3 f5 27. Bxd6 Qb6 28.
Be5 Qd8 29. g4 Qf8 30. hxg5 hxg5 31. Kg2 Qf7 32. f4 gxf4 33. Rh1 Qg6 34. Kf2
Qxg4 35. Rg1 Qxg1+ 36. Kxg1 Rxa3 37. Qh3 Ra1+ 38. Kf2 Ra2 39. Kf3 Rxc2 40. Qh6
Kf7 41. Qf6+ Ke8 42. Bd6 Kd7 43. Qe7+ Kc6 44. Qxe6 Ra8 45. Bc5+ Kb5 46. Qxd5
Raa2 47. Qxb7+ Kc4 48. Qf7+ Kd3 49. Qxf5+ Kd2 50. Qxf4+ Kd1 51. d5 Rd2 52. Bb4
Rf2+ 53. Ke3 Rae2+ 0-1

[Event "Hull 4NCL International"]
[Site "Hull"]
[Date "2021.10.23"]
[Round "2.2"]
[White "Milson, Neil"]
[Black "Webster, Vivien"]
[Result "1-0"]
[WhiteElo "1630"]
[BlackElo "1696"]
[PlyCount "93"]
[EventDate "2021.10.22"]

1. e4 e5 2. Nf3 d6 3. Bb5+ Bd7 4. Bc4 Be7 5. c3 Nf6 6. Qc2 O-O 7. O-O c5 8. a4
Bc6 9. d3 a6 10. Be3 Nbd7 11. Nbd2 b5 12. axb5 axb5 13. Rxa8 Qxa8 14. Bb3 Qb7
15. Ra1 h6 16. c4 Ng4 17. Nf1 Nxe3 18. Nxe3 bxc4 19. Bxc4 Nf6 20. Nf5 Rb8 21.
Nxe7+ Qxe7 22. b3 d5 23. exd5 Nxd5 24. Qb2 f6 25. Nd2 Kh8 26. Ne4 f5 27. Nc3
Nf4 28. f3 Qg5 29. Kh1 h5 30. Qf2 Qe7 31. g3 Nh3 32. Qe3 Ng5 33. Bd5 f4 34.
gxf4 Bxd5 35. Nxd5 Qd6 36. fxg5 Qxd5 37. Rb1 Rf8 38. Kg2 Rd8 39. g6 Qe6 40. Qg5
Rxd3 41. Ra1 Qe8 42. Qxh5+ Kg8 43. Qh7+ Kf8 44. Qh8+ Ke7 45. Ra7+ Rd7 46. Qxg7+
Kd6 47. Qxd7+ 1-0

[Event "Hull 4NCL International"]
[Site "Hull"]
[Date "2021.10.23"]
[Round "2.3"]
[White "Johnstone, J Gerry"]
[Black "Catto, Joseph"]
[Result "0-1"]
[WhiteElo "1613"]
[BlackElo "1690"]
[PlyCount "66"]
[EventDate "2021.10.22"]

1. e4 Nc6 2. Nf3 d6 3. d4 Nf6 4. Nc3 Bg4 5. Be3 e5 6. Be2 Be7 7. Qd2 O-O 8. h3
Bxf3 9. Bxf3 exd4 10. Bxd4 Re8 11. O-O-O Nxd4 12. Qxd4 c5 13. Qd3 a6 14. Rhe1
Nd7 15. Kb1 Ne5 16. Qe2 Nc6 17. Nd5 Bf8 18. Qd2 b5 19. Re3 a5 20. Be2 Rb8 21.
f3 b4 22. Bc4 a4 23. Qe2 g6 24. Bb5 Nd4 25. Rxd4 cxd4 26. Bxe8 dxe3 27. Bxa4
Bh6 28. Bb3 Qh4 29. Bc4 Kh8 30. Kc1 f5 31. Bd3 fxe4 32. fxe4 Rf8 33. Qg4 Qe1+
0-1

[Event "Hull 4NCL International"]
[Site "Hull"]
[Date "2021.10.23"]
[Round "2.4"]
[White "Fisher, Neal"]
[Black "Weller, Colin"]
[Result "1/2-1/2"]
[WhiteElo "1684"]
[BlackElo "1610"]
[PlyCount "137"]
[EventDate "2021.10.22"]

1. d4 d6 2. Nf3 Nf6 3. Bf4 Nbd7 4. e3 e6 5. Bd3 g6 6. c3 Bg7 7. Nbd2 Nh5 8. Bg3
Nxg3 9. hxg3 d5 10. e4 dxe4 11. Nxe4 a6 12. Neg5 h6 13. Ne4 b6 14. Qc2 Bb7 15.
O-O-O Qe7 16. Rhe1 O-O-O 17. Qe2 Nb8 18. Ned2 Rhe8 19. Be4 Bxe4 20. Qxe4 Qd7
21. Ne5 Bxe5 22. dxe5 Qc6 23. f4 h5 24. Qxc6 Nxc6 25. Ne4 Rxd1+ 26. Rxd1 Rd8
27. Rh1 Kd7 28. Nf6+ Ke7 29. g4 hxg4 30. Nxg4 Nb8 31. Rh7 Nd7 32. Nh6 Rf8 33.
Kd2 Ke8 34. b4 c5 35. a3 cxb4 36. cxb4 b5 37. Ng4 Ke7 38. Ne3 Nb6 39. g4 Rd8+
40. Kc3 Na4+ 41. Kc2 Rc8+ 42. Kd2 Rc3 43. Nc2 Rc4 44. f5 exf5 45. gxf5 gxf5 46.
Ne3 Rd4+ 47. Kc2 Ke6 48. Rh6+ Kxe5 49. Rxa6 f4 50. Nd1 f3 51. Rh6 f5 52. Rh3
Ke4 53. Rh4+ f4 54. Rh8 Rd5 55. Re8+ Kf5 56. Nf2 Re5 57. Rf8+ Kg5 58. Nh3+ Kg4
59. Rxf4+ Kxh3 60. Rxf3+ Kg4 61. Rf8 Rf5 62. Rg8+ Kf4 63. Rb8 Rd5 64. Kb3 Rd3+
65. Ka2 Nc3+ 66. Kb2 Ke5 67. Kc2 Rf3 68. Rc8 Na4 69. Rb8 1/2-1/2

[Event "Hull 4NCL International"]
[Site "Hull"]
[Date "2021.10.23"]
[Round "2.5"]
[White "Vdovycia, Titas"]
[Black "Zigmond, Andrew"]
[Result "1/2-1/2"]
[WhiteElo "1479"]
[BlackElo "1675"]
[PlyCount "93"]
[EventDate "2021.10.22"]

1. e4 c5 2. c3 Nc6 3. d4 cxd4 4. cxd4 d6 5. d5 Ne5 6. f4 Ng4 7. Bb5+ Bd7 8.
Bxd7+ Qxd7 9. Nc3 N4f6 10. e5 dxe5 11. fxe5 Ng4 12. e6 fxe6 13. Qxg4 exd5 14.
Qxd7+ Kxd7 15. Nxd5 e6 16. Nc3 Bc5 17. Bg5 Rf8 18. Nf3 h6 19. O-O-O+ Kc8 20.
Bf4 Rxf4 21. Rhe1 Rf6 22. Ne5 Bb4 23. Re3 Ne7 24. Ne4 Nd5 25. Rxd5 exd5 26.
Nxf6 gxf6 27. Nd3 Bd6 28. h3 Kd7 29. Rf3 Be5 30. Kd2 Rg8 31. g4 Rg7 32. b3 Re7
33. Rf5 Kd6 34. Rh5 Rh7 35. Ke3 b6 36. Kf3 Ke6 37. h4 Rc7 38. Nxe5 Rc3+ 39. Kf4
fxe5+ 40. Rxe5+ Kd6 41. Re3 Rc2 42. a4 Rf2+ 43. Rf3 Re2 44. Re3 Rf2+ 45. Rf3
Re2 46. Re3 Rf2+ 47. Rf3 1/2-1/2

[Event "Hull 4NCL International"]
[Site "Hull"]
[Date "2021.10.23"]
[Round "2.9"]
[White "Jones, Paul W"]
[Black "Scorer, David M"]
[Result "1-0"]
[WhiteElo "1690"]
[BlackElo "1400"]
[PlyCount "65"]
[EventDate "2021.10.22"]

1. f4 d5 2. Nf3 Nf6 3. d3 c5 4. c3 Nc6 5. Qc2 g6 6. e4 dxe4 7. dxe4 Bg7 8. Be3
b6 9. Nbd2 Bb7 10. O-O-O Qc7 11. g3 O-O-O 12. Qa4 Kb8 13. Ba6 Qc8 14. Bxb7 Kxb7
15. Qc2 e6 16. Rhe1 h5 17. Ng5 Rhe8 18. Nc4 Ka8 19. Rxd8 Qxd8 20. Rd1 Qc7 21.
Qa4 Bh6 22. h4 Bxg5 23. hxg5 Ng4 24. Bg1 Rd8 25. Rxd8+ Nxd8 26. Qe8 Kb7 27. e5
Ka6 28. Nd6 Qc6 29. Qxd8 Qh1 30. Qc8+ Ka5 31. b4+ cxb4 32. cxb4+ Kxb4 33. Qc4+
1-0

[Event "Hull 4NCL International"]
[Site "Hull"]
[Date "2021.10.23"]
[Round "2.10"]
[White "Oliver, Bruce R"]
[Black "King, Steve"]
[Result "1/2-1/2"]
[WhiteElo "1690"]
[BlackElo "1465"]
[PlyCount "69"]
[EventDate "2021.10.22"]

1. Nf3 d5 2. g3 Nc6 3. Bg2 e5 4. d3 f5 5. O-O Nf6 6. Nbd2 h6 7. Re1 g5 8. e4
fxe4 9. dxe4 g4 10. Nh4 d4 11. Ng6 Rg8 12. Nxf8 Rxf8 13. Nb3 h5 14. Bg5 b6 15.
Bf1 Bb7 16. Bc4 Qd6 17. c3 O-O-O 18. cxd4 Nxd4 19. Nxd4 Qxd4 20. Be6+ Kb8 21.
Qxd4 Rxd4 22. Bxf6 Rxf6 23. Bf5 Bc8 24. Bxc8 Kxc8 25. Rad1 c5 26. Kg2 Rfd6 27.
Rxd4 Rxd4 28. Re2 b5 29. f4 gxf3+ 30. Kxf3 c4 31. Rf2 b4 32. Ke3 Rd3+ 33. Ke2
Rd4 34. Ke3 Rd3+ 35. Ke2 1/2-1/2

[Event "Hull 4NCL International"]
[Site "Hull"]
[Date "2021.10.23"]
[Round "2.11"]
[White "Salisbury, Paul"]
[Black "Meredith, Daniel"]
[Result "1-0"]
[WhiteElo "1681"]
[BlackElo "1368"]
[PlyCount "57"]
[EventDate "2021.10.22"]

1. e4 c5 2. Nf3 d6 3. c3 g6 4. Bd3 Bg7 5. O-O Nc6 6. Bc2 Qb6 7. a4 Bg4 8. h3
Bxf3 9. Qxf3 Nf6 10. d3 O-O 11. Re1 Rac8 12. Nd2 Rfd8 13. Nc4 Qc7 14. Bf4 Nd7
15. Qg3 e5 16. Bg5 f6 17. Bd2 Nb6 18. Ne3 d5 19. a5 Na8 20. Nxd5 Qd7 21. Bb3
Kh8 22. Ba4 Nc7 23. Bb3 Ne7 24. Nxe7 Qxe7 25. Bc2 c4 26. Rad1 Qc5 27. Ra1 Rd7
28. Be3 Qb5 29. Ba4 1-0

[Event "Hull 4NCL International"]
[Site "Hull"]
[Date "2021.10.23"]
[Round "2.12"]
[White "Graham, Donald M"]
[Black "Schofield, Mark"]
[Result "1-0"]
[WhiteElo "1668"]
[BlackElo "1323"]
[PlyCount "125"]
[EventDate "2021.10.22"]

1. b3 e6 2. Bb2 d5 3. e3 Nf6 4. Nf3 Be7 5. c4 O-O 6. Nc3 a6 7. Qc2 dxc4 8. bxc4
Nbd7 9. d4 c5 10. d5 exd5 11. cxd5 b5 12. Rd1 Qa5 13. d6 Bd8 14. a3 b4 15. axb4
cxb4 16. Nb1 b3+ 17. Qd2 Ne4 18. Qxa5 Bxa5+ 19. Nfd2 Ndc5 20. f3 Nxd6 21. Ba3
Ncb7 22. Kf2 Be6 23. Bc4 Bxc4 24. Nxc4 Nxc4 25. Bxf8 Kxf8 26. Rc1 Ne5 27. Rhd1
Rd8 28. Rxd8+ Bxd8 29. Ke2 a5 30. Rc8 Ke7 31. Rb8 Nc5 32. Nc3 a4 33. Ra8 b2 34.
Kd2 a3 35. Kc2 Nc4 36. Nd5+ Kd7 37. Nb4 Nxe3+ 38. Kb1 Nc4 39. Kc2 Bf6 40. Na2
Ne3+ 41. Kb1 Nc4 42. Kc2 Be7 43. Nc3 Ne3+ 44. Kb1 Nd3 45. Ra7+ Ke8 46. Ra8+ Bd8
47. Rxa3 Nxg2 48. Ne4 Be7 49. Rxd3 Ne1 50. Rb3 f5 51. Ng3 Bf6 52. Re3+ Kf7 53.
Rxe1 f4 54. Ne4 Bh4 55. Re2 g5 56. Rxb2 h5 57. h3 g4 58. hxg4 hxg4 59. fxg4 f3
60. Rh2 Be1 61. Kc2 Ba5 62. Rh5 Bb6 63. Rf5+ 1-0

[Event "Hull 4NCL International"]
[Site "Hull"]
[Date "2021.10.23"]
[Round "2.13"]
[White "Hollyman, Mike"]
[Black "Grice, Alec"]
[Result "1-0"]
[WhiteElo "1289"]
[BlackElo "1668"]
[PlyCount "75"]
[EventDate "2021.10.22"]

1. c4 b6 2. Nc3 Bb7 3. e4 e6 4. g3 f5 5. Bg2 Nf6 6. d3 Be7 7. Nge2 O-O 8. O-O
d5 9. e5 Nfd7 10. cxd5 Nxe5 11. f4 Ng4 12. d6 Bxg2 13. dxe7 Qxe7 14. Kxg2 c5
15. Ng1 Nc6 16. h3 Nf6 17. Nf3 Qb7 18. Kh2 Rad8 19. Ne5 Nd4 20. Be3 a6 21. Bxd4
Rxd4 22. Qf3 Nd5 23. a3 Qc7 24. Ne2 Ra4 25. Nc4 b5 26. b3 bxc4 27. bxa4 cxd3
28. Qxd3 g5 29. Qxa6 Qf7 30. Qc6 Re8 31. Rg1 Qh5 32. g4 Qf7 33. Rg3 gxf4 34.
Rgg1 Kh8 35. g5 Qh5 36. Rae1 Re7 37. Qxc5 Rc7 38. Qf8# 1-0

[Event "Hull 4NCL International"]
[Site "Hull"]
[Date "2021.10.23"]
[Round "2.16"]
[White "Duffell, Andrew"]
[Black "Verma, Anand"]
[Result "1-0"]
[WhiteElo "1623"]
[BlackElo "1164"]
[PlyCount "25"]
[EventDate "2021.10.22"]

1. d4 Nf6 2. c4 g6 3. Nc3 d5 4. Bf4 e6 5. e3 c5 6. Nf3 cxd4 7. Nxd4 Bg7 8. Ndb5
Na6 9. Nd6+ Ke7 10. cxd5 Nxd5 11. Nxd5+ exd5 12. Qxd5 Bxb2 13. Qxf7# 1-0

[Event "Hull 4NCL International"]
[Site "Hull"]
[Date "2021.10.23"]
[Round "2.19"]
[White "Patterson, Dave"]
[Black "Jerome, Stelio"]
[Result "1-0"]
[WhiteElo "1692"]
[BlackElo "1445"]
[PlyCount "83"]
[EventDate "2021.10.22"]

1. e4 c5 2. c3 e5 3. Nf3 Nc6 4. d4 cxd4 5. cxd4 d6 6. h3 Nf6 7. Nc3 Be7 8. d5
Nb8 9. Be3 Bd7 10. Qb3 b6 11. Bd3 O-O 12. Rc1 Bc8 13. Qa3 Nbd7 14. b4 Bb7 15.
O-O a5 16. b5 Nc5 17. Bxc5 dxc5 18. Qb2 Bd6 19. Nd2 Nh5 20. Ne2 Qf6 21. Nc4 Bc7
22. Bb1 Rad8 23. Rcd1 Nf4 24. Nxf4 Qxf4 25. Qe2 f5 26. f3 Rf6 27. Ne3 Rdf8 28.
Nxf5 Rxf5 29. exf5 e4 30. Bxe4 Qh2+ 31. Kf2 Qg3+ 32. Ke3 Qf4+ 33. Kd3 Be5 34.
Kc4 Rxf5 35. g3 Qg5 36. Bxf5 Qxf5 37. Qe4 Qxe4+ 38. fxe4 Bxg3 39. Rf3 Be5 40.
Rdf1 h6 41. Rf7 Bf6 42. Rxb7 1-0

[Event "Hull 4NCL International"]
[Site "Hull"]
[Date "2021.10.23"]
[Round "2.20"]
[White "Buckell, David J"]
[Black "Dakwa, Rufaro"]
[Result "1-0"]
[WhiteElo "1616"]
[BlackElo "1393"]
[PlyCount "63"]
[EventDate "2021.10.22"]

1. g3 Nf6 2. Bg2 e5 3. c4 Bc5 4. Nc3 O-O 5. e3 Nc6 6. Nge2 d5 7. cxd5 Nb4 8. d3
Nbxd5 9. O-O Rb8 10. a3 b5 11. b4 Nxc3 12. Nxc3 Be7 13. Bb2 Bb7 14. Bxb7 Rxb7
15. Qf3 Rb8 16. Rfd1 c5 17. bxc5 Bxc5 18. Rac1 Qa5 19. Nb1 b4 20. axb4 Qxb4 21.
Bxe5 Rb6 22. Rc4 Qa5 23. Bc7 Nd7 24. Bxb6 axb6 25. d4 Qb5 26. Rdc1 g6 27. Qg2
Qa6 28. dxc5 b5 29. Rd4 Ne5 30. c6 Rc8 31. c7 Qa5 32. Qb7 1-0

[Event "Hull 4NCL International"]
[Site "Hull"]
[Date "2021.10.23"]
[Round "2.21"]
[White "Bettley, Mark S"]
[Black "Pal, Rhea"]
[Result "1-0"]
[WhiteElo "1608"]
[BlackElo "1083"]
[PlyCount "99"]
[EventDate "2021.10.22"]

1. e4 c5 2. Nf3 d6 3. d4 cxd4 4. Nxd4 Nf6 5. Nc3 g6 6. Bc4 Bg7 7. Bb3 O-O 8. f3
Nc6 9. Be3 Nxd4 10. Bxd4 b6 11. O-O Bb7 12. Qd2 e6 13. Rfd1 d5 14. exd5 exd5
15. Re1 Qd7 16. Ba4 Qc7 17. Be5 Qc5+ 18. Qd4 Qxd4+ 19. Bxd4 Rac8 20. Re7 Rc4
21. Rd1 Rb8 22. Be5 Bf8 23. Bxb8 Bxe7 24. Bb3 Bc5+ 25. Kh1 Rh4 26. Bxd5 Bxd5
27. Nxd5 Nxd5 28. Rxd5 Rc4 29. c3 a5 30. Be5 h6 31. b3 Rh4 32. Rd8+ Bf8 33. Bd6
g5 34. Rxf8+ Kg7 35. Rb8 g4 36. fxg4 Rxg4 37. Rxb6 Rg5 38. h3 Rg6 39. Bc5 Rxb6
40. Bxb6 Kf8 41. g4 Ke7 42. Kg2 Kd7 43. c4 Kc6 44. Bxa5 Kc5 45. Kf3 f6 46. Kf4
Kd4 47. Kf5 Ke3 48. c5 Kd4 49. c6 Kd5 50. c7 1-0

[Event "Hull 4NCL International"]
[Site "Hull"]
[Date "2021.10.23"]
[Round "2.22"]
[White "Kluckova, Alzbeta"]
[Black "Hara, R Malcolm"]
[Result "0-1"]
[WhiteElo "1057"]
[BlackElo "1608"]
[PlyCount "70"]
[EventDate "2021.10.22"]

1. e4 c5 2. Nf3 g6 3. Be2 Bg7 4. O-O Nc6 5. c3 e6 6. d4 cxd4 7. cxd4 d5 8. exd5
exd5 9. Re1 Nge7 10. Nc3 O-O 11. Bf4 a6 12. a3 b5 13. Qd2 Re8 14. b4 Bb7 15.
Reb1 Nf5 16. Be3 Nxe3 17. fxe3 Bh6 18. Nd1 Ne7 19. Bd3 Bc8 20. Qc2 Bf5 21. e4
Rc8 22. Qe2 dxe4 23. Bxe4 Nd5 24. Nf2 Nc3 25. Qd3 Nxe4 26. Re1 Nd6 27. Rxe8+
Qxe8 28. Qf1 Nc4 29. Re1 Qd7 30. Qe2 Be6 31. Rd1 Ne3 32. Re1 Rc2 33. Ne4 Rxe2
34. Nf6+ Kg7 35. Nxd7 Rxe1+ 0-1

[Event "Hull 4NCL International"]
[Site "Hull"]
[Date "2021.10.23"]
[Round "2.24"]
[White "Summerland, David"]
[Black "Boozorginia, Zoya"]
[Result "1-0"]
[WhiteElo "1548"]
[BlackElo "1081"]
[PlyCount "37"]
[EventDate "2021.10.22"]

1. e4 Nf6 2. Nc3 e5 3. Nf3 Nc6 4. Bc4 Bc5 5. d3 d6 6. h3 O-O 7. Bg5 a6 8. Nd5
Na5 9. Nxf6+ gxf6 10. Bh6 Re8 11. a3 Nxc4 12. dxc4 f5 13. Ng5 f6 14. Qd5+ Be6
15. Nxe6 Rxe6 16. Qxe6+ Kh8 17. Qf7 Qg8 18. Qxf6+ Qg7 19. Qxg7# 1-0

[Event "Hull 4NCL International"]
[Site "Hull"]
[Date "2021.10.23"]
[Round "3.1"]
[White "Catto, Joseph"]
[Black "Milson, Neil"]
[Result "1-0"]
[WhiteElo "1690"]
[BlackElo "1630"]
[PlyCount "41"]
[EventDate "2021.10.22"]

1. Nf3 d5 2. c4 c6 3. g3 Bf5 4. d4 Nf6 5. Bg2 Nbd7 6. Nc3 e6 7. Nh4 Bg6 8. Nxg6
hxg6 9. cxd5 cxd5 10. O-O Ng4 11. e4 Nxh2 12. Re1 dxe4 13. Bxe4 g5 14. d5 e5
15. d6 g4 16. Nb5 Nf6 17. Nc7+ Kd7 18. Bf5+ Kc6 19. Qc2+ Kxd6 20. Rd1+ Ke7 21.
Qc5+ 1-0

[Event "Hull 4NCL International"]
[Site "Hull"]
[Date "2021.10.23"]
[Round "3.2"]
[White "Whittington, Reece W"]
[Black "Carroll, Michael"]
[Result "0-1"]
[WhiteElo "1628"]
[BlackElo "1668"]
[PlyCount "42"]
[EventDate "2021.10.22"]

1. d4 Nf6 2. c4 g6 3. Nc3 Bg7 4. f3 d5 5. cxd5 Nxd5 6. e4 Nxc3 7. bxc3 c5 8.
Be3 O-O 9. Qd2 Qa5 10. Rc1 cxd4 11. cxd4 Qxd2+ 12. Kxd2 Nc6 13. d5 Rd8 14. Ne2
e6 15. Nc3 Bxc3+ 16. Rxc3 exd5 17. exd5 Rxd5+ 18. Kc2 Bf5+ 19. Bd3 Nb4+ 20. Kb3
Nxd3 21. g4 Be6 0-1

[Event "Hull 4NCL International"]
[Site "Hull"]
[Date "2021.10.23"]
[Round "3.4"]
[White "Weller, Colin"]
[Black "Jones, Paul W"]
[Result "1/2-1/2"]
[WhiteElo "1610"]
[BlackElo "1690"]
[PlyCount "58"]
[EventDate "2021.10.22"]

1. e4 d5 2. exd5 Qxd5 3. d3 c6 4. Nf3 Bg4 5. Be2 e6 6. Nbd2 Nf6 7. h3 Bh5 8. a3
Be7 9. b3 Nbd7 10. Bb2 O-O 11. O-O Qa5 12. Nc4 Qc7 13. Ne3 Rfd8 14. Nh2 Bxe2
15. Qxe2 a6 16. Nf3 Nb6 17. Rad1 Nbd5 18. Nxd5 Rxd5 19. Nd2 Qd8 20. Ne4 Rc8 21.
Nxf6+ Bxf6 22. Bxf6 Qxf6 23. a4 Rcd8 24. f3 Rg5 25. Qf2 Qd4 26. Qxd4 Rxd4 27.
Rde1 Rgd5 28. Re4 c5 29. Rxd4 cxd4 1/2-1/2

[Event "Hull 4NCL International"]
[Site "Hull"]
[Date "2021.10.23"]
[Round "3.5"]
[White "Fisher, Neal"]
[Black "Duffell, Andrew"]
[Result "1-0"]
[WhiteElo "1684"]
[BlackElo "1623"]
[PlyCount "63"]
[EventDate "2021.10.22"]

1. d4 Nf6 2. Bf4 d5 3. Nf3 e6 4. e3 c5 5. c3 Nc6 6. Nbd2 cxd4 7. exd4 Bd6 8.
Ne5 Qc7 9. Ndf3 Nd7 10. Qe2 O-O 11. Bg3 f6 12. Nxc6 e5 13. dxe5 fxe5 14. Nb4
Qa5 15. Qb5 Bxb4 16. Qxb4 Qxb4 17. cxb4 e4 18. Nd4 Nf6 19. Be2 Bg4 20. Bxg4
Nxg4 21. O-O Rac8 22. Rac1 h5 23. h3 Nh6 24. Rc5 Rxc5 25. bxc5 g6 26. Bd6 Re8
27. Re1 Nf5 28. Nxf5 gxf5 29. Rd1 Kf7 30. Rxd5 Ke6 31. Re5+ Kd7 32. Rxf5 1-0